[Event "Titled Tuesday intern op 10th Sep Late"]
[Site "Chess,com INT"]
[Date "2024.09.10"]
[Round "7"]
[White "Bettalli, Francesco"]
[Black "Chiu, Isaac"]
[Result "0-1"]
[WhiteElo "2368"]
[BlackElo "2226"]
[PlyCount "82"]
[EventDate "2024.09.10"]
[EventType "swiss (blitz)"]
[EventRounds "11"]
[EventCountry "USA"]
[SourceTitle "EXT 2025"]
[Source "ChessBase"]
[SourceDate "2024.10.14"]
[SourceVersion "1"]
[SourceVersionDate "2024.10.14"]
[SourceQuality "1"]

1. Nf3 Nf6 2. b3 g6 3. Bb2 Bg7 4. e3 c5 5. d4 cxd4 6. exd4 d5 7. Be2 0-0 8. 0-0 Nc6 9. Ne5 Bf5 10. Nd2 Rc8 11. Rc1 Ne4 12. Nxe4 Bxe4 13. c4 dxc4 14. Bxc4 e6 15. Qe2 Bd5 16. Rfd1 Qd6 17. Bxd5 Qxd5 18. Rc5 Nxd4 19. Bxd4 Rxc5 20. Bxc5 Qxc5 21. Nd7 Qa5 22. Nxf8 Bxf8 23. h3 Bc5 24. Rd7 b6 25. Kh2 Qc3 26. Rxa7 Kg7 27. Qf3 Bd6+ 28. Qg3 Bxg3+ 29. fxg3 b5 30. a4 Qxb3 31. axb5 Qxb5 32. Ra3 Qc5 33. Rf3 e5 34. g4 e4 35. Rf1 f5 36. gxf5 gxf5 37. Kg3 Qe3+ 38. Kh4 Kg6 39. g4 f4 40. Rxf4 Qe1+ 41. Rf2 Qxf2# 0-1

[Event "Titled Tuesday intern op 10th Sep Late"]
[Site "Chess,com INT"]
[Date "2024.09.10"]
[Round "5"]
[White "Lancman, Kyle"]
[Black "Chiu, Isaac"]
[Result "1-0"]
[WhiteElo "2150"]
[BlackElo "2226"]
[PlyCount "63"]
[EventDate "2024.09.10"]
[EventType "swiss (blitz)"]
[EventRounds "11"]
[EventCountry "USA"]
[SourceTitle "EXT 2025"]
[Source "ChessBase"]
[SourceDate "2024.10.14"]
[SourceVersion "1"]
[SourceVersionDate "2024.10.14"]
[SourceQuality "1"]

1. e4 e5 2. Nf3 Nc6 3. Nc3 Nf6 4. a3 a6 5. Bc4 Nxe4 6. Nxe4 d5 7. Bd3 dxe4 8. Bxe4 Bd6 9. 0-0 0-0 10. Re1 Ne7 11. d4 exd4 12. Qxd4 Nf5 13. Qd3 g6 14. Bg5 Be7 15. Bxe7 Nxe7 16. Qxd8 Rxd8 17. Bxb7 Bxb7 18. Rxe7 Bxf3 19. gxf3 Rd2 20. Rxc7 Re8 21. Rc6 Kg7 22. Rxa6 Rxc2 23. b4 Ree2 24. Rf1 Rb2 25. Ra5 Kf6 26. b5 Rec2 27. Ra6+ Kf5 28. a4 Ra2 29. b6 Rc4 30. a5 Rc5 31. b7 Rb2 32. Rb6 1-0

[Event "Titled Tuesday intern op 10th Sep Early"]
[Site "Chess,com INT"]
[Date "2024.09.10"]
[Round "3"]
[White "Yonal, Timur"]
[Black "Chiu, Isaac"]
[Result "0-1"]
[WhiteElo "2146"]
[BlackElo "2226"]
[PlyCount "98"]
[EventDate "2024.09.10"]
[EventType "swiss (blitz)"]
[EventRounds "11"]
[EventCountry "USA"]
[SourceTitle "EXT 2025"]
[Source "ChessBase"]
[SourceDate "2024.10.14"]
[SourceVersion "1"]
[SourceVersionDate "2024.10.14"]
[SourceQuality "1"]

1. e4 c5 2. Nf3 d6 3. d4 cxd4 4. Nxd4 Nf6 5. Nc3 a6 6. a3 g6 7. f3 Bg7 8. Be3 b5 9. Qd2 Bb7 10. g4 Nbd7 11. h4 Ne5 12. h5 Qc7 13. hxg6 hxg6 14. Rxh8+ Bxh8 15. Be2 Nfd7 16. 0-0-0 Nb6 17. Rh1 0-0-0 18. Ndxb5 axb5 19. Nxb5 Nec4 20. Nxc7 Nxd2 21. Bxb6 Nxe4 22. fxe4 Bxe4 23. Ba6+ Kd7 24. Rh7 Kc6 25. Ba5 f5 26. gxf5 gxf5 27. Rxe7 Bf6 28. Bb5+ Kb7 29. Rf7 Bg5+ 30. Kb1 Rh8 31. Nd5+ Kc8 32. Ba6+ Kb8 33. Nb4 Be3 34. Ka2 Bc5 35. c4 d5 36. Bc7+ Ka8 37. Ba5 d4 38. Rc7 Bd6 39. Rd7 Bc5 40. Nd5 Bxd5 41. Rxd5 Ba7 42. Bb4 f4 43. Rf5 Bb8 44. Bd2 Rh4 45. Rf8 Ka7 46. Bb5 Bd6 47. Bc6 Bxf8 48. Bb4 Bxb4 49. axb4 d3 0-1

[Event "Titled Tuesday intern op 27th Aug Early"]
[Site "Chess.com INT"]
[Date "2024.08.27"]
[Round "5"]
[White "Arias Gaviria, Mario Alexis"]
[Black "Chiu, Isaac"]
[Result "1-0"]
[WhiteElo "2259"]
[BlackElo "2226"]
[PlyCount "79"]
[EventDate "2024.08.27"]
[EventType "swiss (blitz)"]
[EventRounds "11"]
[EventCountry "USA"]
[SourceTitle "EXT 2025"]
[Source "ChessBase"]
[SourceDate "2024.10.14"]
[SourceVersion "1"]
[SourceVersionDate "2024.10.14"]
[SourceQuality "1"]

1. Nf3 Nf6 2. g3 g6 3. Bg2 Bg7 4. 0-0 0-0 5. d4 d5 6. c4 c6 7. cxd5 cxd5 8. Nc3 Ne4 9. Bf4 Nc6 10. Rc1 Bf5 11. Ne5 Nxc3 12. Rxc3 Nxe5 13. Bxe5 Bxe5 14. dxe5 e6 15. Qb3 Qd7 16. h3 g5 17. Rfc1 Rfc8 18. Qa3 b6 19. Qd6 Qxd6 20. Rxc8+ Qf8 21. Rxf8+ Kxf8 22. Rc7 a5 23. f4 gxf4 24. gxf4 b5 25. a3 b4 26. axb4 axb4 27. Rb7 Ra4 28. b3 Ra2 29. Kf2 Rb2 30. Rxb4 Bc2 31. Rb8+ Kg7 32. b4 d4 33. Ke1 Bf5 34. Bf3 Bxh3 35. b5 Bf5 36. b6 h5 37. b7 h4 38. Rd8 h3 39. b8Q Rxb8 40. Rxb8 1-0

[Event "Titled Tuesday intern op 27th Aug Early"]
[Site "Chess.com INT"]
[Date "2024.08.27"]
[Round "2"]
[White "Chiu, Isaac"]
[Black "Gurevich, Dmitry"]
[Result "0-1"]
[WhiteElo "2226"]
[BlackElo "2352"]
[PlyCount "80"]
[EventDate "2024.08.27"]
[EventType "swiss (blitz)"]
[EventRounds "11"]
[EventCountry "USA"]
[SourceTitle "EXT 2025"]
[Source "ChessBase"]
[SourceDate "2024.10.14"]
[SourceVersion "1"]
[SourceVersionDate "2024.10.14"]
[SourceQuality "1"]

1. e4 c5 2. Nf3 d6 3. d4 cxd4 4. Nxd4 Nf6 5. Nc3 Nc6 6. Bg5 e6 7. Qd3 Be7 8. 0-0-0 Nxd4 9. Qxd4 0-0 10. h4 a6 11. f4 h6 12. Bd3 b5 13. a3 Bb7 14. Qf2 Rc8 15. e5 Nd5 16. Ne4 dxe5 17. Bxe7 Qxe7 18. fxe5 b4 19. a4 b3 20. c3 Nb4 21. Nf6+ Kh8 22. Qf4 Na2+ 23. Kd2 Rfd8 24. Rh3 Rc5 25. Re1 Bc6 26. Ree3 Nxc3 27. Rhg3 Nb1+ 28. Ke2 Rc2+ 29. Kf1 Qc5 30. Rxg7 Kxg7 31. Rg3+ Kf8 32. Bxc2 bxc2 33. Rf3 c1Q+ 34. Ke2 Qxf4 35. Rxf4 Qxe5+ 36. Re4 Bxe4 37. Nh7+ Bxh7+ 38. Kf2 Rd2+ 39. Kf1 Qg3 40. Kg1 Qxg2# 0-1

[Event "Titled Tuesday intern op 27th Aug Early"]
[Site "Chess.com INT"]
[Date "2024.08.27"]
[Round "4"]
[White "Chiu, Isaac"]
[Black "Rosner, Jonas"]
[Result "1/2-1/2"]
[WhiteElo "2226"]
[BlackElo "2437"]
[PlyCount "65"]
[EventDate "2024.08.27"]
[EventType "swiss (blitz)"]
[EventRounds "11"]
[EventCountry "USA"]
[SourceTitle "EXT 2025"]
[Source "ChessBase"]
[SourceDate "2024.10.14"]
[SourceVersion "1"]
[SourceVersionDate "2024.10.14"]
[SourceQuality "1"]

1. Nf3 Nf6 2. b3 g6 3. Bb2 Bg7 4. g3 0-0 5. Bg2 c5 6. c4 Nc6 7. 0-0 d5 8. cxd5 Nxd5 9. Bxg7 Kxg7 10. Qc1 b6 11. Nc3 Bb7 12. Rd1 Nxc3 13. dxc3 Qc7 14. h4 Rad8 15. Qe3 h6 16. h5 Rxd1+ 17. Rxd1 Rd8 18. Rc1 g5 19. Nxg5 hxg5 20. Qxg5+ Kf8 21. h6 Qe5 22. Qxe5 Nxe5 23. Bxb7 Rd2 24. a4 Kg8 25. Kf1 Kh7 26. Rc2 Rd1+ 27. Kg2 Kxh6 28. f4 Ng4 29. Kf3 f5 30. Rb2 Rf1+ 31. Kg2 Ne3+ 32. Kh2 Ng4+ 33. Kg2 1/2-1/2

[Event "Titled Tuesday intern op 27th Aug Early"]
[Site "Chess.com INT"]
[Date "2024.08.27"]
[Round "7"]
[White "Guliev, Logman"]
[Black "Chiu, Isaac"]
[Result "1-0"]
[WhiteElo "2238"]
[BlackElo "2226"]
[PlyCount "85"]
[EventDate "2024.08.27"]
[EventType "swiss (blitz)"]
[EventRounds "11"]
[EventCountry "USA"]
[SourceTitle "EXT 2025"]
[Source "ChessBase"]
[SourceDate "2024.10.14"]
[SourceVersion "1"]
[SourceVersionDate "2024.10.14"]
[SourceQuality "1"]

1. e4 e6 2. d4 d5 3. Nc3 Nf6 4. Bg5 dxe4 5. Nxe4 Nbd7 6. Nxf6+ Nxf6 7. Nf3 Be7 8. Bd3 c5 9. Qe2 h6 10. Bd2 cxd4 11. 0-0-0 Bd7 12. Ne5 0-0 13. g4 Nd5 14. Qe4 Nf6 15. Qxd4 Bc6 16. Nxc6 bxc6 17. Qa4 Qb6 18. h4 Nd5 19. g5 h5 20. Qe4 g6 21. c4 Nb4 22. Bb1 Qc5 23. Bc3 Rfd8 24. a3 Na6 25. Bd4 Qxc4+ 26. Bc3 Qxe4 27. Bxe4 Nc5 28. Bxc6 Nd3+ 29. Kc2 Nxf2 30. Rxd8+ Rxd8 31. Rf1 Ng4 32. Rf3 Bc5 33. b4 Bb6 34. a4 Ne3+ 35. Kb3 Nf5 36. a5 Bd4 37. Rd3 Rd6 38. b5 Bxc3 39. Rxd6 Nxd6 40. Kxc3 Kf8 41. b6 axb6 42. a6 Ke7 43. a7 1-0

[Event "Titled Tuesday intern op 13th Aug Early"]
[Site "Chess.com INT"]
[Date "2024.08.13"]
[Round "10"]
[White "Chiu, Isaac"]
[Black "Klukin, Kirill"]
[Result "1-0"]
[WhiteElo "2226"]
[BlackElo "2413"]
[PlyCount "115"]
[EventDate "2024.08.13"]
[EventType "swiss (blitz)"]
[EventRounds "11"]
[EventCountry "USA"]
[SourceTitle "EXT 2025"]
[Source "ChessBase"]
[SourceDate "2024.10.14"]
[SourceVersion "1"]
[SourceVersionDate "2024.10.14"]
[SourceQuality "1"]

1. c4 c5 2. g3 g6 3. Bg2 Bg7 4. Nc3 Nc6 5. a3 Rb8 6. Rb1 d6 7. b4 Nf6 8. bxc5 Be6 9. cxd6 Qxd6 10. d3 0-0 11. Bf4 Qxa3 12. Rb3 Qa5 13. Bxb8 Nxb8 14. Qd2 Nbd7 15. Rb5 Qa1+ 16. Rb1 Qa5 17. Nd1 Qd8 18. Rxb7 a5 19. Ra7 a4 20. Rxa4 Nc5 21. Ra3 Qd6 22. Nf3 Nce4 23. Qa2 Qb4+ 24. Kf1 Nd6 25. Nd4 Bd7 26. Nc2 Qc5 27. Ra5 Qc7 28. Ra7 Qb6 29. Ra6 Qc7 30. Qa5 Qb8 31. Qb4 Qc8 32. Ra8 Qc7 33. Rxf8+ Bxf8 34. Nc3 e5 35. Qb3 e4 36. Ne3 exd3 37. exd3 Qc5 38. h3 Qd4 39. Ne2 Qa1+ 40. Qd1 Qa3 41. Bf3 Ba4 42. Qd2 Qa1+ 43. Kg2 Qe5 44. d4 Qe7 45. Nf4 Nde4 46. Qa5 Bc6 47. Qe5 Qd8 48. Ned5 Bd6 49. Nxf6+ Nxf6 50. Qe2 Bd7 51. Qe3 Kg7 52. Re1 Qc7 53. c5 Bxf4 54. Qxf4 Qc8 55. g4 h5 56. Re7 hxg4 57. hxg4 Bxg4 58. Bxg4 1-0

[Event "Titled Tuesday intern op 13th Aug Early"]
[Site "Chess.com INT"]
[Date "2024.08.13"]
[Round "8"]
[White "Chiu, Isaac"]
[Black "Reprintsev, Alexander"]
[Result "1-0"]
[WhiteElo "2226"]
[BlackElo "2230"]
[PlyCount "129"]
[EventDate "2024.08.13"]
[EventType "swiss (blitz)"]
[EventRounds "11"]
[EventCountry "USA"]
[SourceTitle "EXT 2025"]
[Source "ChessBase"]
[SourceDate "2024.10.14"]
[SourceVersion "1"]
[SourceVersionDate "2024.10.14"]
[SourceQuality "1"]

1. c4 e5 2. g3 c6 3. d4 e4 4. d5 Nf6 5. Bg2 Bb4+ 6. Bd2 Qe7 7. Nc3 Na6 8. a3 Bxc3 9. Bxc3 d6 10. Nh3 Bxh3 11. Bxh3 e3 12. f3 0-0 13. dxc6 bxc6 14. b4 Nc7 15. 0-0 d5 16. cxd5 Nfxd5 17. Bb2 Rfd8 18. Qc2 Rd6 19. Rad1 Rad8 20. Qc5 Ne6 21. Qc1 h5 22. Bf5 Qg5 23. Bxe6 Rxe6 24. f4 Qg4 25. f5 Red6 26. Qc2 f6 27. Rd4 Qg5 28. Qe4 Kh7 29. Kg2 Nb6 30. h4 Qh6 31. Rxd6 Rxd6 32. Bc1 Nd5 33. Qf3 g5 34. fxg6+ Kg7 35. Kh2 Qh8 36. Bb2 Qf8 37. Be5 Re6 38. Bd4 Qe7 39. Qxh5 Kg8 40. Bc5 Qg7 41. Qf5 Qd7 42. h5 Ne7 43. Bxe7 Qxe7 44. Qg4 Kg7 45. Rf5 Qd6 46. Qf4 Qxf4 47. gxf4 a6 48. Kg3 Rd6 49. Kf3 Rd2 50. Ra5 Rd1 51. Rxa6 Rh1 52. Rxc6 Rxh5 53. a4 Kxg6 54. b5 Rh3+ 55. Ke4 Rh1 56. Kxe3 Ra1 57. Ra6 Kf5 58. a5 Ra3+ 59. Kf2 Kxf4 60. b6 Kf5 61. Ra7 Ke6 62. b7 Rb3 63. a6 Kd7 64. Ra8 Kc7 65. Rc8+ 1-0

[Event "Titled Tuesday intern op 13th Aug Early"]
[Site "Chess.com INT"]
[Date "2024.08.13"]
[Round "11"]
[White "Zakhartsov, Vladimir"]
[Black "Chiu, Isaac"]
[Result "1-0"]
[WhiteElo "2494"]
[BlackElo "2226"]
[PlyCount "59"]
[EventDate "2024.08.13"]
[EventType "swiss (blitz)"]
[EventRounds "11"]
[EventCountry "USA"]
[SourceTitle "EXT 2025"]
[Source "ChessBase"]
[SourceDate "2024.10.14"]
[SourceVersion "1"]
[SourceVersionDate "2024.10.14"]
[SourceQuality "1"]

1. e4 c5 2. Nf3 Nc6 3. Bb5 d5 4. exd5 Qxd5 5. Nc3 Qe6+ 6. Be2 Nd4 7. Nxd4 cxd4 8. Nb5 Qb6 9. c3 dxc3 10. dxc3 a6 11. Be3 Qc6 12. a4 e5 13. Bf3 Qd7 14. Qxd7+ Kxd7 15. 0-0-0+ Ke7 16. Nc7 Rb8 17. Ba7 e4 18. Rhe1 f5 19. Bxb8 Kf7 20. Be2 Nf6 21. Bc4+ Kg6 22. Nd5 Ng4 23. f3 Nh6 24. Nf4+ Kg5 25. h4+ Kxh4 26. Rh1+ Kg3 27. Rdf1 Bd6 28. Bxd6 exf3 29. gxf3 g5 30. Rh3# 1-0

[Event "Titled Tuesday intern op 30th Jul Late"]
[Site "Chess.com INT"]
[Date "2024.07.30"]
[Round "11"]
[White "Bobkov, Vadim"]
[Black "Chiu, Isaac"]
[Result "1/2-1/2"]
[WhiteElo "2237"]
[BlackElo "2226"]
[PlyCount "162"]
[EventDate "2024.07.30"]
[EventType "swiss (blitz)"]
[EventRounds "11"]
[EventCountry "USA"]
[SourceTitle "EXT 2025"]
[Source "ChessBase"]
[SourceDate "2024.10.14"]
[SourceVersion "1"]
[SourceVersionDate "2024.10.14"]
[SourceQuality "1"]

1. d4 d5 2. c4 dxc4 3. e3 e5 4. Nf3 Nc6 5. a3 exd4 6. exd4 Be6 7. Nc3 Nf6 8. Bg5 h6 9. d5 hxg5 10. dxe6 Qxd1+ 11. Rxd1 g4 12. exf7+ Ke7 13. Nd4 Ne5 14. Ndb5 c6 15. Nd6 b5 16. Be2 g6 17. 0-0 Rd8 18. Nde4 Nxe4 19. Nxe4 Rxd1 20. Rxd1 Kxf7 21. Nc3 Bc5 22. Ne4 Bb6 23. Ng5+ Ke7 24. Ne4 a5 25. a4 Rd8 26. axb5 cxb5 27. Nc3 Rxd1+ 28. Bxd1 Bd4 29. Nxb5 Bxb2 30. Kf1 Kd7 31. Ba4 Kc6 32. Na3+ Kc5 33. Nc2 Nd3 34. Ke2 Bc3 35. Ke3 Bf6 36. f3 Bg5+ 37. Ke2 Nf4+ 38. Kf2 Nd3+ 39. Ke2 gxf3+ 40. Kxf3 Nf4 41. g3 Nd5 42. h4 Bc1 43. Be8 Ne7 44. g4 c3 45. Ke4 Kc4 46. Bf7+ Kb5 47. Kd3 Bd2 48. h5 gxh5 49. gxh5 a4 50. Be8+ Ka5 51. Bf7 Nc6 52. Bd5 Ne5+ 53. Kd4 Nd7 54. h6 Bxh6 55. Kxc3 Bg7+ 56. Kd3 Nb6 57. Ba2 Nd7 58. Bc4 Ne5+ 59. Kd4 Nf3+ 60. Kd3 Ne1+ 61. Nxe1 a3 62. Nc2 Bf8 63. Bb3 Kb6 64. Kc4 Be7 65. Ba4 Bf8 66. Kb3 Be7 67. Ka2 Bf8 68. Bb3 Be7 69. Ne3 Bf8 70. Nc4+ Ka7 71. Ne3 Kb6 72. Bc4 Kc5 73. Bb3 Kb4 74. Nd5+ Ka5 75. Nc7 Bc5 76. Ne6 Be7 77. Nd4 Ka6 78. Nc6 Bd6 79. Nd4 Kb6 80. Nc2 Be7 81. Ne3 Bf8 1/2-1/2

[Event "Titled Tuesday intern op 30th Jul Late"]
[Site "Chess.com INT"]
[Date "2024.07.30"]
[Round "10"]
[White "Chiu, Isaac"]
[Black "Silva, Lucas"]
[Result "1-0"]
[WhiteElo "2226"]
[BlackElo "2248"]
[PlyCount "63"]
[EventDate "2024.07.30"]
[EventType "swiss (blitz)"]
[EventRounds "11"]
[EventCountry "USA"]
[SourceTitle "EXT 2025"]
[Source "ChessBase"]
[SourceDate "2024.10.14"]
[SourceVersion "1"]
[SourceVersionDate "2024.10.14"]
[SourceQuality "1"]

1. e4 c6 2. d4 d5 3. e5 Bf5 4. h4 h5 5. Bg5 Qb6 6. Bd3 Qxd4 7. Nf3 Qg4 8. Bxf5 Qxf5 9. 0-0 e6 10. c4 Nd7 11. Nc3 Be7 12. cxd5 exd5 13. Nd4 Qg6 14. f4 Bxg5 15. hxg5 Ne7 16. f5 Qxg5 17. e6 Nf6 18. exf7+ Kxf7 19. Qd3 h4 20. Ne6 Qg4 21. Rf4 Qg3 22. Rf3 Qg4 23. Re1 h3 24. Rg3 h2+ 25. Kh1 Rh5 26. Rxg4 Nxg4 27. Qg3 Nxf5 28. Qxg4 g6 29. Nf4 Rh6 30. Nxg6 Rxg6 31. Qxf5+ Rf6 32. Qh7+ 1-0

[Event "Titled Tuesday intern op 30th Jul Late"]
[Site "Chess.com INT"]
[Date "2024.07.30"]
[Round "7"]
[White "Sitbon, Itay"]
[Black "Chiu, Isaac"]
[Result "0-1"]
[WhiteElo "2213"]
[BlackElo "2226"]
[PlyCount "104"]
[EventDate "2024.07.30"]
[EventType "swiss (blitz)"]
[EventRounds "11"]
[EventCountry "USA"]
[SourceTitle "EXT 2025"]
[Source "ChessBase"]
[SourceDate "2024.10.14"]
[SourceVersion "1"]
[SourceVersionDate "2024.10.14"]
[SourceQuality "1"]

1. e4 c5 2. Nf3 Nc6 3. Bb5 d5 4. exd5 Qxd5 5. Nc3 Qe6+ 6. Ne2 a6 7. Bxc6+ Qxc6 8. 0-0 Nf6 9. d4 e6 10. Be3 cxd4 11. Nexd4 Qc7 12. Re1 Be7 13. c3 0-0 14. Bg5 h6 15. Bh4 Rd8 16. Qe2 Nd5 17. Bxe7 Qxe7 18. Ne5 Bd7 19. Rad1 Be8 20. Qf3 Qf6 21. Qg3 Rac8 22. h4 Qf4 23. Qxf4 Nxf4 24. g3 Nd5 25. f3 b5 26. a3 a5 27. Nd3 Nb6 28. Kf2 Na4 29. Re5 Nxc3 30. bxc3 Rxc3 31. Nf4 Rxa3 32. Nfe2 b4 33. Rb1 Ra2 34. Re3 Rxd4 35. Rc1 Rdd2 36. Rc8 Kf8 37. f4 Ke7 38. Kf3 f5 39. g4 fxg4+ 40. Kxg4 Rxe2 41. Rg3 Rg2 42. Rc7+ Bd7 43. f5 exf5+ 44. Kh5 g6+ 45. Rxg6 Rxg6 46. Kxg6 b3 47. Rb7 b2 48. Kxh6 a4 49. h5 a3 50. Rb4 Ra1 51. Rd4 b1Q 52. Re4+ Qxe4 0-1

[Event "Titled Tuesday intern op 23rd Jul Late"]
[Site "Chess.com INT"]
[Date "2024.07.23"]
[Round "7"]
[White "Chiu, Isaac"]
[Black "Gurevich, Dmitry"]
[Result "1-0"]
[WhiteElo "2226"]
[BlackElo "2347"]
[PlyCount "61"]
[EventDate "2024.07.23"]
[EventType "swiss (blitz)"]
[EventRounds "11"]
[EventCountry "USA"]
[SourceTitle "EXT 2025"]
[Source "ChessBase"]
[SourceDate "2024.10.14"]
[SourceVersion "1"]
[SourceVersionDate "2024.10.14"]
[SourceQuality "1"]

1. e4 c5 2. Nf3 d6 3. d4 cxd4 4. Nxd4 Nf6 5. Nc3 Nc6 6. Bg5 g6 7. Bxf6 exf6 8. Bb5 Bd7 9. Qd2 Bg7 10. Nb3 0-0 11. Qxd6 f5 12. 0-0-0 Be6 13. Qxd8 Rfxd8 14. Nc5 Nd4 15. Nxe6 fxe6 16. exf5 gxf5 17. Bc4 Kf7 18. Rhe1 Rd6 19. f4 Rc8 20. Nb5 Nxb5 21. Rxd6 Rxc4 22. Rd7+ Kf6 23. g3 Nd4 24. c3 Nf3 25. Re2 b5 26. Rd6 Re4 27. Kd1 Bf8 28. Rd7 Be7 29. Rxa7 Rxe2 30. Kxe2 Nxh2 31. Rb7 1-0

[Event "Titled Tuesday intern op 23rd Jul Early"]
[Site "Chess.com INT"]
[Date "2024.07.23"]
[Round "3"]
[White "Chiu, Isaac"]
[Black "Kreken, Eivind Grunt"]
[Result "0-1"]
[WhiteElo "2226"]
[BlackElo "2303"]
[PlyCount "72"]
[EventDate "2024.07.23"]
[EventType "swiss (blitz)"]
[EventRounds "11"]
[EventCountry "USA"]
[SourceTitle "EXT 2025"]
[Source "ChessBase"]
[SourceDate "2024.10.14"]
[SourceVersion "1"]
[SourceVersionDate "2024.10.14"]
[SourceQuality "1"]

1. c4 e6 2. Nf3 d5 3. e3 Nf6 4. Nc3 Bd6 5. b3 0-0 6. Bb2 Re8 7. Be2 b6 8. cxd5 exd5 9. Qc2 a6 10. 0-0 Bb7 11. d4 Nbd7 12. Rfd1 Qe7 13. Bf1 Ne4 14. g3 Ndf6 15. Bg2 Nxc3 16. Bxc3 Ne4 17. Bb2 Rac8 18. Bh3 Rcd8 19. Ne5 c5 20. Nd3 h5 21. dxc5 bxc5 22. Bg2 h4 23. Nf4 hxg3 24. hxg3 Bb8 25. Ne2 d4 26. exd4 Ng5 27. Nf4 Bxg2 28. Kxg2 Bxf4 29. gxf4 Qb7+ 30. d5 Rxd5 31. Kg3 Ne4+ 32. Kf3 Rxd1 33. Rxd1 Ng5+ 34. Kg4 Qg2+ 35. Kf5 g6+ 36. Kf6 Nh7# 0-1

[Event "Titled Tuesday intern op 23rd Jul Late"]
[Site "Chess.com INT"]
[Date "2024.07.23"]
[Round "1"]
[White "Chiu, Isaac"]
[Black "Rego, Pedro Filipe"]
[Result "0-1"]
[WhiteElo "2226"]
[BlackElo "2323"]
[PlyCount "88"]
[EventDate "2024.07.23"]
[EventType "swiss (blitz)"]
[EventRounds "11"]
[EventCountry "USA"]
[SourceTitle "EXT 2025"]
[Source "ChessBase"]
[SourceDate "2024.10.14"]
[SourceVersion "1"]
[SourceVersionDate "2024.10.14"]
[SourceQuality "1"]

1. Nf3 c5 2. e4 Nc6 3. Bb5 e6 4. Bxc6 bxc6 5. d3 Ne7 6. Nbd2 Ng6 7. h4 h5 8. Qe2 e5 9. Nc4 d6 10. c3 Be6 11. Ng5 Bxc4 12. dxc4 Be7 13. g3 Rb8 14. 0-0 Qd7 15. Kg2 f6 16. Nh3 Qg4 17. Qxg4 hxg4 18. Ng1 0-0 19. h5 Nh8 20. f3 gxf3+ 21. Nxf3 Nf7 22. Nh4 Rfd8 23. Nf5 Bf8 24. b3 d5 25. cxd5 cxd5 26. exd5 Rxd5 27. Be3 Rbd8 28. c4 Rd3 29. Kf3 Ng5+ 30. Ke2 Ne4 31. Rac1 Nc3+ 32. Kf2 Nd1+ 33. Kf3 Nc3 34. Rfe1 Kf7 35. g4 Bd6 36. Rc2 e4+ 37. Kf2 Nd1+ 38. Ke2 Bg3 39. Rf1 Be5 40. g5 Nc3+ 41. Kf2 Bd4 42. g6+ Kf8 43. Bxd4 cxd4 44. Rfc1 Rf3+ 0-1

[Event "Titled Tuesday intern op 23rd Jul Early"]
[Site "Chess.com INT"]
[Date "2024.07.23"]
[Round "8"]
[White "Chiu, Isaac"]
[Black "Rodriguez Santiago, Jaime"]
[Result "1-0"]
[WhiteElo "2226"]
[BlackElo "2006"]
[PlyCount "57"]
[EventDate "2024.07.23"]
[EventType "swiss (blitz)"]
[EventRounds "11"]
[EventCountry "USA"]
[SourceTitle "EXT 2025"]
[Source "ChessBase"]
[SourceDate "2024.10.14"]
[SourceVersion "1"]
[SourceVersionDate "2024.10.14"]
[SourceQuality "1"]

1. c4 Nf6 2. Nf3 e6 3. Nc3 d5 4. e3 c5 5. cxd5 exd5 6. Bb5+ Bd7 7. Bxd7+ Nbxd7 8. 0-0 Bd6 9. b3 0-0 10. Bb2 b6 11. d4 c4 12. bxc4 dxc4 13. e4 Bb4 14. Re1 Rc8 15. a3 Bxc3 16. Bxc3 Re8 17. Qc2 b5 18. Rab1 a6 19. a4 Rb8 20. axb5 axb5 21. Bb4 Nb6 22. d5 Nfxd5 23. exd5 Rxe1+ 24. Bxe1 Qxd5 25. h4 h6 26. Bd2 Nc8 27. Bf4 Rb7 28. Rd1 Qxd1+ 29. Qxd1 1-0

[Event "Titled Tuesday intern op 23rd Jul Early"]
[Site "Chess.com INT"]
[Date "2024.07.23"]
[Round "9"]
[White "Serra Canals, Oriol"]
[Black "Chiu, Isaac"]
[Result "0-1"]
[WhiteElo "2118"]
[BlackElo "2226"]
[PlyCount "122"]
[EventDate "2024.07.23"]
[EventType "swiss (blitz)"]
[EventRounds "11"]
[EventCountry "USA"]
[SourceTitle "EXT 2025"]
[Source "ChessBase"]
[SourceDate "2024.10.14"]
[SourceVersion "1"]
[SourceVersionDate "2024.10.14"]
[SourceQuality "1"]

1. e4 c5 2. Nf3 Nc6 3. d4 cxd4 4. Nxd4 e5 5. Nb5 d6 6. N1c3 a6 7. Na3 Be6 8. Bd3 g6 9. Nc4 b5 10. Ne3 Bg7 11. 0-0 Nf6 12. Ncd5 0-0 13. a4 b4 14. c3 bxc3 15. bxc3 Bxd5 16. Nxd5 Nxd5 17. exd5 Na5 18. Rb1 Qc7 19. Ba3 Rfd8 20. Bb4 Nc4 21. Qe2 Rac8 22. h4 f5 23. h5 e4 24. Bxc4 Qxc4 25. Qxc4 Rxc4 26. hxg6 hxg6 27. Rb3 Be5 28. Ra1 Rb8 29. a5 Rb5 30. Rd1 g5 31. Kf1 Kf7 32. Ke2 Kg6 33. f3 exf3+ 34. gxf3 g4 35. fxg4 fxg4 36. Kd3 Rxd5+ 37. Kxc4 Rxd1 38. Rb2 Rg1 39. Kd5 Bf4 40. Kc6 g3 41. Kb7 Rf1 42. Rg2 Rf2 43. Rg1 g2 44. Kxa6 Bh2 45. Rxg2+ Rxg2 46. Kb7 Rd2 47. a6 Bg1 48. a7 Bxa7 49. Kxa7 Kf5 50. Kb6 Ke6 51. Kc6 Rd1 52. Kb5 d5 53. Kc5 Rc1 54. Kd4 Rc2 55. Ba5 Rg2 56. Bb4 Rg4+ 57. Kc5 Rc4+ 58. Kb5 Ke5 59. Ka5 Ke4 60. Kb5 Kd3 61. Ka5 Rxc3 0-1

[Event "Titled Tuesday intern op 23rd Jul Early"]
[Site "Chess.com INT"]
[Date "2024.07.23"]
[Round "7"]
[White "Tharushi, THD Niklesha"]
[Black "Chiu, Isaac"]
[Result "0-1"]
[WhiteElo "1810"]
[BlackElo "2226"]
[PlyCount "130"]
[EventDate "2024.07.23"]
[EventType "swiss (blitz)"]
[EventRounds "11"]
[EventCountry "USA"]
[SourceTitle "EXT 2025"]
[Source "ChessBase"]
[SourceDate "2024.10.14"]
[SourceVersion "1"]
[SourceVersionDate "2024.10.14"]
[SourceQuality "1"]

1. e4 c5 2. Nf3 Nc6 3. Bb5 d5 4. exd5 Qxd5 5. Nc3 Qe6+ 6. Qe2 Qxe2+ 7. Nxe2 Bd7 8. 0-0 e6 9. c3 Nf6 10. d4 a6 11. Ba4 Bd6 12. Be3 cxd4 13. Nexd4 b5 14. Bc2 Ke7 15. Rfe1 Rhc8 16. Bg5 Kf8 17. Rad1 Be7 18. a3 Nxd4 19. Nxd4 h6 20. Bh4 Be8 21. Bg3 a5 22. h3 b4 23. axb4 axb4 24. Rd3 Nd5 25. Rf3 Kg8 26. Be4 Bf6 27. Bxd5 exd5 28. Nf5 bxc3 29. bxc3 Kh7 30. Nd6 Rd8 31. Rxe8 Rxe8 32. Nxe8 Rxe8 33. Rd3 Re1+ 34. Kh2 Rc1 35. Rxd5 Rxc3 36. Rd7 Kg6 37. Ra7 Rc2 38. Rc7 Ra2 39. Rc4 h5 40. Rf4 Kh7 41. Rc4 g5 42. h4 g4 43. Bf4 Bxh4 44. Bg3 Bf6 45. Rc5 Kg6 46. Rc6 Kg7 47. Rc5 h4 48. Be5 Rxf2 49. Bxf6+ Rxf6 50. Rg5+ Rg6 51. Rh5 Rh6 52. Rg5+ Rg6 53. Rh5 h3 54. gxh3 gxh3 55. Rxh3 Rh6 56. Rxh6 Kxh6 57. Kg2 Kg5 58. Kg3 Kf5 59. Kf3 f6 60. Kf2 Kf4 61. Kf1 Kf3 62. Kg1 f5 63. Kf1 f4 64. Ke1 Kg2 65. Ke2 f3+ 0-1